000 00740cam a2200253 4500
001 J120992
008 030113n2002 000 0 eng u
035 _a(Sirsi) u120992
041 _aeng.
050 _a332.632
_c18
110 _aTEGoVA
_93466
110 _aAssociation of German Mortgage Banks
_94399
245 _aEuropean mortgage securitisation: a valuer's guide
260 _aLondon
_bTEGoVA
_c2002
300 _a19p.
_c31cm.
650 _aSECURITISATION
650 _aMORTGAGE-BACKED SECURITISATION
650 _aASSET-BACKED SECURITISATION
650 _aRESIDENTIAL PROPERTY
_96266
650 _aPROPERTY-COMMERCIAL PROPERTY
650 _aEUROPE
690 _aPROPERTY-PROPERTY APPRAISAL AND VALUATION
942 _n0
999 _c102597
_d102597